[Event "Men-Tehran"]
[Site "?"]
[Date "2015.09.18"]
[Round "8.20"]
[White "Oliyazade, P."]
[Black "Khaghani, B."]
[Result "1-0"]
[BlackElo "2288"]
[WhiteElo "2057"]
[LiveChessVersion "1.4.6"]

1. e4 {[%clk 1:30:50]} c5 {[%clk 1:30:28]} 2. c3 {[%clk 1:30:39]} g6
{[%clk 1:28:22]} 3. d4 {[%clk 1:30:56]} cxd4 {[%clk 1:28:51]} 4. cxd4
{[%clk 1:30:43]} d5 {[%clk 1:29:19]} 5. exd5 {[%clk 1:26:35]} Nf6
{[%clk 1:29:47]} 6. Bc4 {[%clk 1:26:03]} Bg7 {[%clk 1:28:12]} 7. Nc3
{[%clk 1:25:46]} O-O {[%clk 1:27:52]} 8. Nf3 {[%clk 1:24:09]} Nbd7
{[%clk 1:27:59]} 9. O-O {[%clk 1:23:32]} Nb6 {[%clk 1:28:27]} 10. Bb3
{[%clk 1:20:44]} Nbxd5 {[%clk 1:28:35]} 11. Ne5 {[%clk 1:19:48]} Be6
{[%clk 1:23:58]} 12. Qf3 {[%clk 1:14:25]} Qd6 {[%clk 1:19:03]} 13. Bg5
{[%clk 0:54:00]} Rfd8 {[%clk 1:09:01]} 14. Rfe1 {[%clk 0:48:19]} Rac8
{[%clk 0:54:04]} 15. Rad1 {[%clk 0:36:03]} a6 {[%clk 0:48:24]} 16. h4
{[%clk 0:20:56]} b5 {[%clk 0:41:25]} 17. h5 {[%clk 0:14:44]} gxh5
{[%clk 0:41:41]} 18. Ne2 {[%clk 0:09:19]} Bg4 {[%clk 0:30:00]} 19. Qd3
{[%clk 0:08:03]} h6 {[%clk 0:27:59]} 20. Bh4 {[%clk 0:06:12]} e6 {[%clk 0:22:01]}
21. Nxg4 {[%clk 0:06:29]} hxg4 {[%clk 0:21:47]} 22. Bg3 {[%clk 0:05:30]} Qf8
{[%clk 0:20:06]} 23. a3 {[%clk 0:05:13]} h5 {[%clk 0:19:10]} 24. Be5
{[%clk 0:04:53]} Nh7 {[%clk 0:14:51]} 25. Bc2 {[%clk 0:04:28]} f5
{[%clk 0:12:51]} 26. Bxg7 {[%clk 0:04:19]} Qxg7 {[%clk 0:12:59]} 27. Nc3
{[%clk 0:04:27]} Nf4 {[%clk 0:05:43]} 28. Qe3 {[%clk 0:04:22]} Qg5
{[%clk 0:06:05]} 29. Bb3 {[%clk 0:04:19]} Rd6 {[%clk 0:06:08]} 30. d5
{[%clk 0:04:26]} Nxd5 {[%clk 0:04:57]} 31. Qe5 {[%clk 0:04:21]} 1-0